Panamá. Una agresión a los derechos humanos

שמור ב:
מידע ביבליוגרפי
מחבר תאגידי: Amnistía Internacional
פורמט: Texto
יצא לאור: Londres: Amnistía Internacional
תגים: הוספת תג
אין תגיות, היה/י הראשונ/ה לתייג את הרשומה!

MARC

LEADER 00000 a a2200000 04500
001 21194
003
040
090 |a 092300  
110 |a Amnistía Internacional  
245 |a Panamá. Una agresión a los derechos humanos  
260 |a Londres:   |b Amnistía Internacional  
300 |a 15 p.  
999 |c 11574  |d 11574